[Event "WchT 5th"]
[Site "Yerevan"]
[Date "2001.10.17"]
[Round "6.1"]
[White "Nedev, Trajce"]
[Black "Safin, Shukhrat"]
[Result "1-0"]
[WhiteElo "2514"]
[BlackElo "2538"]
[Annotator "Huzman,A"]
[PlyCount "61"]
[EventDate "2001.10.12"]
[EventType "team-tourn"]
[EventRounds "9"]
[EventCountry "ARM"]
[SourceTitle "CBM 086"]
[Source "ChessBase"]
[SourceDate "2002.02.05"]
[SourceVersion "1"]
[SourceVersionDate "2002.02.05"]
[SourceQuality "1"]
[WhiteTeam "Macedonia"]
[BlackTeam "Uzbekistan"]
[WhiteTeamCountry "MKD"]
[BlackTeamCountry "UZB"]

1. e4 e5 2. Nf3 Nf6 3. Nxe5 d6 4. Nf3 Nxe4 5. d4 d5 6. Bd3 Bd6 7. O-O O-O 8. c4
c6 9. Qc2 Na6 10. a3 Re8 11. Nc3 Bg4 12. Nxe4 dxe4 13. Bxe4 Bxf3 14. Bxf3 Qh4
15. g3 Qxd4 16. Be3 Qf6 17. Be4 g6 18. b4 Nc7 19. Rad1 a5 (19... Qe7 20. Bg2
Ne6 21. Rfe1 Qc7 22. c5 Bf8 23. h4 h5 24. Rd3 Rad8 25. Red1 Rxd3 26. Rxd3 Rd8
27. Bf1 Rxd3 28. Bxd3 $14 {1-0 Wang Yu-Levushkina,E/Chennai IND 2001/(104)})
20. b5 $146 (20. Bg2 axb4 21. c5 Be5 22. axb4 Nb5 23. Rd7 Re7 24. Rxe7 (24. Qd3
Qe6 25. Rd1 Rxd7 26. Qxd7 Ra1 27. Qd8+ Kg7 28. Rxa1 Bxa1 29. Bf1 Bf6 30. Qb6
Nd4 31. Qxb7 Nf3+ 32. Kh1 Qd5 33. b5 Ne1+ 34. Kg1 Nf3+ {1/2-1/2 Zarezenko,
I-Karpov,A/Novosibirsk RUS 2001/(34)}) 24... Qxe7 25. Rd1 h5 26. Bf1 Ra1 27.
Rxa1 Bxa1 28. Bc4 Qf6 29. Qd3 Nd4 30. Qe4 Kg7 31. Kg2 Nf5 32. Bf4 Qd4 33. Qxd4+
Bxd4 34. Bd2 $14 {1-0 Leko,P-Piket,J/Monaco MNC 2001/(57)}) 20... cxb5 $2 (
20... Bxa3 21. bxc6 (21. Rd7 Re7 22. Rfd1 Rae8) 21... bxc6 22. Bg2 Bb4 23. Qa4
Ra6 $13) 21. c5 Be5 (21... Bf8 22. c6 (22. Bxb7 Rad8) 22... bxc6 23. Bxc6 Bxa3
24. Bxa8 Nxa8 25. Qd3 b4 26. Qb5 $16) 22. c6 $1 b6 23. Bxb6 $16 {[%cal Gd1d7]}
Ne6 24. c7 Rac8 (24... Bxc7 25. Bxa8 (25. Bxc7 Rac8 26. Qc6 $16) 25... Bxb6 26.
Rd6 $16) 25. Qc6 b4 26. axb4 axb4 27. f4 Bc3 (27... Bxc7 28. Bxc7 Qe7 29. Rd7
Qc5+ 30. Kh1 Qxc6 31. Bxc6 Rf8 32. Bd5 Nxc7 33. Bb7 Ne6 34. Bxc8 Rxc8 35. Rb7
$16) 28. f5 $1 $18 gxf5 29. Bxf5 Qe5 30. Rd5 Bd4+ 31. Bxd4 1-0

[Event "FRA-ch"]
[Site "Val d'Isere"]
[Date "2002.08.27"]
[Round "8"]
[White "Fressinet, Laurent"]
[Black "Degraeve, Jean Marc"]
[Result "1-0"]
[WhiteElo "2619"]
[BlackElo "2586"]
[Annotator "Huzman,A"]
[PlyCount "99"]
[EventDate "2002.08.19"]
[EventType "tourn"]
[EventRounds "11"]
[EventCountry "FRA"]
[EventCategory "13"]
[SourceTitle "CBM 091"]
[Source "ChessBase"]
[SourceDate "2002.11.12"]
[SourceVersion "1"]
[SourceVersionDate "2002.11.12"]
[SourceQuality "1"]

1. e4 e5 2. Nf3 Nf6 3. Nxe5 d6 4. Nf3 Nxe4 5. d4 d5 6. Bd3 Bd6 7. O-O O-O 8. c4
c6 9. Qc2 Na6 10. a3 Re8 11. Nc3 Bg4 12. Nxe4 dxe4 13. Bxe4 Bxf3 14. Bxf3 Qh4
15. g3 Qxd4 16. Bg5 Qe5 17. Qd2 Qf5 18. Bg2 (18. Qxd6 Qxf3 19. Rae1 h6 20. Bc1
(20. Be7 $5) 20... Qb3 21. Rxe8+ Rxe8 {1/2-1/2 Short,N-Piket,J/Zuerich 2001/
CBM 83/[Huzman] (21)}) 18... Nc5 (18... Bc7 $5) (18... Be7 19. Bxe7 Rxe7 20.
Rfe1 Qd7 $2 (20... Rd7 $142) 21. Qxd7 Rxd7 22. Rad1 $16 {1-0 Van den Doel,
E-Greenfeld,A/Leon 2001/CBM 86/[Huzman] (41)}) 19. Be3 (19. Rad1 Ne6 20. Be3
Rad8 21. Qc3 Bc5 22. b4 Rxd1 23. Rxd1 Bxe3 24. Qxe3 a5 25. h4 axb4 26. axb4 Qc2
27. Qd3 Qxd3 28. Rxd3 Kf8 29. Bh3 Ke7 30. Bxe6 {1/2-1/2 Nataf,I-Volzhin,A/
Stockholm SWE 2002/(30)}) 19... Bf8 $6 (19... Bc7 $5 20. Rad1 Rad8 21. Qb4 Bb6
$11) 20. Rad1 a5 21. b4 axb4 22. axb4 Ne6 (22... Ne4 23. Qd7 Qg6 24. c5 $36 {
[%csl Rf8]}) 23. b5 Rad8 (23... cxb5 24. Qd5 $1 Qxd5 25. cxd5 Nd8 26. d6 $44)
24. Qb2 Rxd1 25. Rxd1 Qg4 26. Qc2 cxb5 27. cxb5 Rc8 (27... Bc5 28. Bxb7 Bxe3
29. fxe3 Qg5 30. Qc1 $16 (30. Bc6 Qxe3+ 31. Qf2 Qxf2+ 32. Kxf2 Rb8 33. Ke3 $16)
) 28. h3 $1 Rxc2 29. hxg4 Bc5 (29... Rb2 30. b6 Nc5 31. Rd8 $1 $18) 30. Bxb7
Bxe3 31. fxe3 Rb2 32. Bc6 Kf8 33. Rd7 h6 34. Kf1 Nc5 35. Rd5 Na4 36. g5 Nb6 $2
(36... hxg5 $142 37. Rxg5 f6 38. Rd5 (38. Rh5 Nc3 $132) 38... Nc3 39. Rd8+ Kf7
40. Rd7+ Kf8 $14) 37. Re5 f6 38. gxf6 gxf6 39. Re4 $16 {[%csl Rb6]} f5 40. Rf4
Kg7 41. Ke1 Kg6 42. Be8+ Kf6 43. Rd4 $1 (43. e4 Nc4 44. Rxf5+ Ke7 45. Bc6 Ne3
46. Rh5 $18) 43... Ke5 44. Bc6 Rc2 45. Kd1 Rc5 46. Kd2 Nc4+ 47. Ke2 Nd6 (47...
Na5 48. Bd7 Nc4 49. Rh4 $18) 48. Rb4 Rc2+ 49. Kd3 Rc1 50. Bf3 {[%cal Gb5b8]}
1-0

[Event "American Continental 3rd"]
[Site "Buenos Aires"]
[Date "2005.08.08"]
[Round "3"]
[White "Milos, Gilberto"]
[Black "Arencibia Rodriguez, Walter"]
[Result "1-0"]
[WhiteElo "2606"]
[BlackElo "2527"]
[Annotator "Huzman,A"]
[PlyCount "95"]
[EventDate "2005.08.06"]
[EventType "swiss"]
[EventRounds "11"]
[EventCountry "ARG"]
[SourceTitle "CBM 109"]
[Source "ChessBase"]
[SourceDate "2005.11.14"]
[SourceVersion "1"]
[SourceVersionDate "2005.11.14"]
[SourceQuality "1"]

1. e4 e5 2. Nf3 Nf6 3. Nxe5 d6 4. Nf3 Nxe4 5. d4 d5 6. Bd3 Bd6 7. O-O O-O 8.
Re1 Bf5 9. Nc3 Nxc3 10. bxc3 Bxd3 11. Qxd3 {White prepares an attack on the
king's side by this move.} (11. cxd3 c6 12. c4 Bc7 13. Qb3 b6 14. Ba3 dxc4 15.
dxc4 Re8 16. Rxe8+ Qxe8 17. Re1 Qd7 18. Re7 $18 {0-1 De la Fuente Gonzalez,
C-Vazquez Gomez,L/Oropesa del Mar 2001/EXT 2002 (48)}) 11... Nc6 (11... Nd7 12.
Rb1 Rb8 13. Qf5 (13. c4 dxc4 14. Qxc4 c6 $11) 13... c6 14. Bg5 Qc7 15. Be7 g6
16. Qh3 Rfe8 17. Qh4 (17. Ng5 h5 $11) 17... Nb6 $11) 12. Ng5 g6 13. Qh3 h5 14.
Bd2 (14. Qf3 $5 Qd7 15. Bf4 Bxf4 16. Qxf4 Rfe8 $14) 14... Qf6 (14... Na5 15.
Qf3 Nc4 16. Bf4 Qf6 $11) 15. Nf3 Bf4 16. Bxf4 Qxf4 $11 {Black neutralises the
attack of White and equalizes the game.} 17. Re3 (17. Rab1 Rab8 18. Ne5 Nxe5
19. Rxe5 Rfe8 $11) 17... Rae8 18. Rae1 Re4 (18... Rxe3 19. Rxe3 Qg4 $11) 19. g3
Qd6 $6 (19... Qg4 20. Qxg4 hxg4 21. Rxe4 dxe4 22. Ne5 Nxe5 23. dxe5 Re8 (23...
f5 24. exf6 Re8 25. Rd1 Re6 26. Rd7 Rxf6 27. Rxc7 Ra6 28. Rxb7 Rxa2 29. Rb4 $16
) 24. Rxe4 f5 $11) 20. Rxe4 dxe4 21. Rxe4 Qd5 22. Re3 Qxa2 23. Qd7 $36 Qxc2 24.
Qxc7 Nb4 $2 (24... Qb1+ 25. Kg2 Qb5 26. Qd7 Rd8 27. Re8+ Rxe8 28. Qxe8+ Kg7 29.
Qd7 a5 30. Ne5 (30. d5 Nd4 $1 $15) 30... Qb3 31. Nxc6 bxc6 32. Qxc6 a4 $44) 25.
Qc4 a5 26. Kg2 (26. Qb5 $5 Qd1+ 27. Kg2 Nc2 28. Re7 a4 29. Rxb7 a3 30. Ra7 $16)
26... Qa2 27. Qc5 b6 28. Qg5 $1 Nd5 29. Re5 Nxc3 30. Qh6 Nd5 (30... Nd1 31. Ng5
Qxf2+ 32. Kh3 Qf1+ 33. Kh4 $18) 31. Ng5 Nf6 32. Ne6 $1 {[%mdl 128]} Qxe6 (32...
Qxf2+ 33. Kxf2 Ng4+ 34. Ke2 Nxh6 35. Nxf8 Kxf8 36. Rb5 $18) (32... fxe6 33.
Qxg6+ Kh8 34. Rg5 $18) 33. Rxe6 fxe6 34. Qxg6+ Kh8 35. Qh6+ Kg8 36. Qg6+ Kh8
37. Qb1 Nd5 38. Qd1 $18 Kg7 39. Qxh5 a4 40. Qg4+ Kf6 41. h4 Ke7 (41... Ra8 42.
h5 a3 43. Qg6+ Ke7 44. Qg7+ Kd6 45. Qb7 Ra4 46. h6 $18) 42. Qg7+ Rf7 43. Qh8
Rf8 44. Qh7+ Rf7 45. Qc2 b5 46. Qc5+ Kf6 47. Qxb5 Ra7 48. Qb8 1-0

[Event "Bundesliga 0506"]
[Site "Germany"]
[Date "2005.12.10"]
[Round "5.2"]
[White "Svidler, Peter"]
[Black "Erenburg, Sergey"]
[Result "1/2-1/2"]
[WhiteElo "2740"]
[BlackElo "2582"]
[Annotator "Huzman,A"]
[PlyCount "39"]
[EventDate "2005.10.21"]
[EventType "team-tourn"]
[EventRounds "15"]
[EventCountry "GER"]
[SourceTitle "CBM 111"]
[Source "ChessBase"]
[SourceDate "2006.04.04"]
[SourceVersion "1"]
[SourceVersionDate "2006.04.04"]
[SourceQuality "1"]
[WhiteTeam "Baden-Baden"]
[BlackTeam "Katernberg"]
[WhiteTeamCountry "GER"]
[BlackTeamCountry "GER"]

1. e4 e5 2. Nf3 Nf6 3. Nxe5 d6 4. Nf3 Nxe4 5. d4 d5 6. Bd3 Nc6 7. O-O Be7 8. c4
Nb4 9. Be2 O-O 10. a3 Nc6 11. cxd5 Qxd5 12. Nc3 Nxc3 13. bxc3 Bf5 14. Bf4 Rac8
15. Bg3 {[%cal Gc3c4]} Bf6 {preventing c3-c4} 16. Nd2 (16. Re1 Rfe8 17. Qa4 Qa5
$11) 16... Na5 (16... Qa5 17. Qc1 (17. Rc1 Qxa3 18. Nc4 Qe7 19. Re1 Rfe8 20.
Ne3 Bg6 21. Qb3 $44) 17... Bg5 18. f4 Be7 19. Nc4 Qa4 20. Ne3 Be4 21. f5 $36)
17. Qa4 (17. Bf3 Qd7 $132 {/\c5}) 17... b6 18. Rfe1 (18. Bf3 Qd7 (18... Qd8 $5
19. Ne4 Be7 $14 {/=}) 19. Qxd7 Bxd7 20. Rfe1 Be6 $11 (20... c5 21. Ne4 $16) (
20... Rfe8 21. Rxe8+ Rxe8 22. Bxc7 Rc8 23. Bd6 Rxc3 24. Ne4 $36)) 18... Rfe8
19. Bd3 {A poisoned gift.} (19. Ba6 $5 Bd7 20. Qc2 Ra8 (20... Rxe1+ 21. Rxe1
Re8 22. Rxe8+ Bxe8 23. Bxc7 $16) 21. Bd3 (21. Bxc7 Qc6 {[%cal Yb6b5]}) 21...
Qh5 22. Bxc7 Rac8 23. Rxe8+ Bxe8 24. Re1 Bd7 25. Be5 $16) 19... c6 $11 20. Ba6
1/2-1/2

[Event "WchT 5th"]
[Site "Yerevan"]
[Date "2001.10.14"]
[Round "3.2"]
[White "Ponomariov, Ruslan"]
[Black "Safin, Shukhrat"]
[Result "1-0"]
[WhiteElo "2684"]
[BlackElo "2538"]
[Annotator "Huzman,A"]
[PlyCount "79"]
[EventDate "2001.10.12"]
[EventType "team-tourn"]
[EventRounds "9"]
[EventCountry "ARM"]
[SourceTitle "CBM 086"]
[Source "ChessBase"]
[SourceDate "2002.02.05"]
[SourceVersion "1"]
[SourceVersionDate "2002.02.05"]
[SourceQuality "1"]
[WhiteTeam "Ukraine"]
[BlackTeam "Uzbekistan"]
[WhiteTeamCountry "UKR"]
[BlackTeamCountry "UZB"]

1. e4 e5 2. Nf3 Nf6 3. Nxe5 d6 4. Nf3 Nxe4 5. d4 d5 6. Bd3 Bd6 7. O-O O-O 8. c4
c6 9. cxd5 cxd5 10. Nc3 Nxc3 11. bxc3 Bg4 12. Rb1 Nd7 13. h3 Bh5 14. Rb5 Nb6
15. c4 Bxf3 16. Qxf3 dxc4 17. Bc2 Qd7 18. a4 Rfe8 19. Bf5 Qc7 20. Be4 (20. a5
Qc6 21. Bxh7+ (21. Qxc6 bxc6 22. Rb2 c3 23. Rc2 Nd5 24. Bd7 Red8 25. Bxc6 Nb4
26. Rxc3 Rac8 27. d5 Nxd5 28. Rc4 Nb4 {1/2-1/2 Nataf,I-Schandorff,L/Esbjerg
DEN 2001/(28)}) 21... Kxh7 22. Qh5+ Kg8 23. axb6 axb6 24. Be3 Ra5 25. Rxa5 bxa5
26. Qxa5 b5 $17 {0-1 Sadvakasov,D-Vakhidov,T/Calcutta IND 2001/(32)}) 20... a6
21. Rg5 $1 Rxe4 $1 (21... Nxa4 $4 22. Rxg7+ Kxg7 23. Bh6+ Kxh6 24. Qf6+ Kh5 25.
g4#) (21... g6 22. Bxb7 Ra7 23. Bc6 Rc8 24. d5 $16) 22. Qxe4 Nxa4 23. Re1 g6 (
23... Rc8 $2 24. Rxg7+ $1 Kxg7 25. Qg4+ Kh8 26. Bg5 $1 Bh2+ 27. Kh1 Qc6 28. d5
$18) 24. h4 Nc3 (24... Rd8 25. h5 b5 26. hxg6 hxg6 27. Rxg6+ fxg6 28. Qxg6+ Qg7
29. Qe6+ Qf7 30. Qg4+ Qg7 31. Qe6+ $11) 25. Qf3 Na2 $1 (25... Nb5 26. d5 (26.
h5 Nxd4 27. Qf6 Qd8 $1)) 26. Ba3 Nb4 27. h5 Nd3 (27... Bh2+ 28. Kh1 Nd3 29. Re4
(29. Re2 Qf4 30. Qxb7 Rb8) 29... Bd6) 28. hxg6 hxg6 (28... fxg6 29. Re6 Bh2+
30. Kf1 (30. Kh1 Qf4) 30... Qf7 31. Rf6 Re8 32. g3 $18) (28... Bh2+ 29. Kf1 (
29. Kh1 hxg6 30. Qf6 Nxe1 31. Rh5 gxh5 32. Qg5+ $11) 29... fxg6 (29... hxg6 30.
Qd5 Qc6 31. Qxc6 bxc6 32. Re7)) 29. Bxd6 Qxd6 30. Re4 Rd8 (30... Kg7 31. Rg3
Rh8 $17) 31. Rg3 b5 $2 (31... Qc6 $1 32. Qg4 (32. Rh3 f5) 32... Kg7 33. Rh3 Rd5
) 32. Rh3 $40 Kg7 33. Qe3 $1 $18 Qf6 34. Qh6+ Kg8 35. Qh7+ Kf8 36. Qh8+ Qxh8
37. Rxh8+ Kg7 38. Rxd8 b4 39. d5 c3 40. Rc8 1-0

[Event "WchT 5th"]
[Site "Yerevan"]
[Date "2001.10.17"]
[Round "6.1"]
[White "Svidler, Peter"]
[Black "Jussupow, Artur"]
[Result "1-0"]
[WhiteElo "2686"]
[BlackElo "2633"]
[Annotator "Huzman,A"]
[PlyCount "87"]
[EventDate "2001.10.12"]
[EventType "team-tourn"]
[EventRounds "9"]
[EventCountry "ARM"]
[SourceTitle "CBM 086"]
[Source "ChessBase"]
[SourceDate "2002.02.05"]
[SourceVersion "1"]
[SourceVersionDate "2002.02.05"]
[SourceQuality "1"]
[WhiteTeam "Russia"]
[BlackTeam "Germany"]
[WhiteTeamCountry "RUS"]
[BlackTeamCountry "GER"]

1. e4 e5 2. Nf3 Nf6 3. Nxe5 d6 4. Nf3 Nxe4 5. d4 d5 6. Bd3 Nc6 7. O-O Be7 8. c4
Nf6 9. h3 Nb4 10. Be2 dxc4 11. Bxc4 Nbd5 12. Re1 O-O 13. Nc3 c6 14. Bg5 Be6 15.
Qb3 Qb6 16. Qxb6 axb6 17. Nxd5 cxd5 18. Bb3 (18. Bd3 h6 19. Bf4 Rfc8 20. Nd2
Ne8 21. Nf1 Nd6 22. Ne3 Bf8 23. Be5 Ra5 24. Bxd6 Bxd6 25. Bf5 {1/2-1/2
Grischuk,A-Gelfand,B/Biel SUI 2001/(25)}) 18... Rfc8 19. Re2 Kf8 {Jussupow
didn't find right plan of defence. Black's problem is that it is very
difficult to create some counterplay.} (19... h6 $5) 20. Ne5 Ne4 $2 (20... h6
21. Bh4 g5 22. Bg3 Ne4 23. Rxe4 $1 dxe4 24. Bxe6 fxe6 25. Nd7+ Kf7 26. Nxb6 $16
) {[%tqu "En","Find a tactical solution.","","","e5d7","",10]} 21. Nd7+ $1 Bxd7
22. Bxe7+ Kxe7 23. Bxd5 $16 Kd6 (23... f5 $142 24. f3 (24. Bxb7 Kd6 25. Bxc8
Rxc8 $11) 24... Bc6 25. Bxc6 bxc6 26. fxe4 fxe4 27. Rxe4+ Kd6 $16) 24. Bxe4 Re8
25. Re3 {[%csl Rb6,Rb7][%cal Ge3b3]} Bc6 26. Bc2 Bd5 27. a3 Rec8 28. Bb3 Ra5
29. Rae1 {[%cal Ge3e7]} Rc7 {Svidler is making strong manouevre, puting aside
Black's defence.} 30. Rg3 $1 g6 31. Re8 $1 Bc6 (31... Kd7 32. Rf8 Ke7 33. Rh8
h5 34. Re3+ Kd7 35. Rf8 $18) 32. Rd8+ $1 Ke7 33. Rh8 Rh5 34. Re3+ Kf6 35. Rd8
$1 $18 {[%cal Gd4d6]} Bd7 36. d5 Re5 37. d6 Rc1+ 38. Kh2 Rxe3 39. fxe3 Bc6 40.
Rc8 $1 Rc5 (40... Re1 41. Bd5 $1 Bd7 42. Rc7 Be6 (42... Ke5 43. Rxd7 Kxd5 44.
Rxb7 Kxd6 45. Rxf7 $18) 43. e4 Re2 44. b4 $18) 41. Rc7 Rg5 42. e4 $1 Bxe4 43.
Rxf7+ Ke5 44. Re7+ (44. Re7+ Kd4 45. Rxe4+ Kxe4 46. d7 $18) 1-0

[Event "FIDE-Wch"]
[Site "San Luis"]
[Date "2005.10.10"]
[Round "11"]
[White "Svidler, Peter"]
[Black "Morozevich, Alexander"]
[Result "1-0"]
[WhiteElo "2738"]
[BlackElo "2707"]
[Annotator "Huzman,A"]
[PlyCount "139"]
[EventDate "2005.09.28"]
[EventType "tourn"]
[EventRounds "14"]
[EventCountry "ARG"]
[EventCategory "20"]
[SourceTitle "CBM 110"]
[Source "ChessBase"]
[SourceDate "2006.01.31"]
[SourceVersion "1"]
[SourceVersionDate "2006.01.31"]
[SourceQuality "1"]

1. e4 e5 2. Nf3 Nf6 3. Nxe5 d6 4. Nf3 Nxe4 5. d4 d5 6. Bd3 Bd6 7. O-O O-O 8. c4
c6 9. Re1 Bf5 10. Qb3 Na6 11. Nc3 dxc4 (11... Nd2 $6 12. Bxd2 Bxd3 13. c5 $16 {
Khalifman}) (11... Nec5 $6 12. dxc5 Nxc5 13. Bxf5 Nxb3 14. axb3 dxc4 (14... d4
15. Nxd4 Bxh2+ 16. Kxh2 Qxd4 17. Kg1 a6 (17... Qf6 18. Bc2 (18. Be4 Rfe8 19.
Be3 a6 20. Bc5 Qg5 21. Be3 Qe5 22. Re2 Qc7 23. Rae1 $14 {1-0 Genesis-The King
2.0/3/92-12 London 1992 (49)}) 18... Rfe8 19. Be3 a6 20. Re2 Qh4 21. Rae1 b5
22. Ne4 Re6 23. f3 Rae8 24. Bg5 Qh5 25. g4 Qxg5 26. Nxg5 Rxe2 27. Rc1 h6 28.
Ne4 $14 {1-0 Foy,J-Trevis,R/Chessfriend.com 2003/Telechess CBM 95 (64)}) (17...
Rfe8 18. Be3 Qe5 19. Bc2 f5 20. Red1 f4 21. Bxa7 f3 22. Be3 Rxa1 23. Rxa1 fxg2
24. Be4 Qh5 25. Bxg2 $14 {1/2-1/2 Van Kempen,H-Tsvetkov,A/Pappier mem 1998 (43)
}) 18. Be3 Qe5 19. Bc2 $16 {Voina - Dempster, corr 1991}) 15. bxc4 Bb4 16. Bg5
Qb6 17. Be3 Qc7 18. g3 $16 {Khalifman - Rozentalis, Vilnius 1988 -45/351}) 12.
Bxc4 (12. Qxc4 Bxh2+ $1 13. Kxh2 Nd6 14. Qb3 Bxd3 $17 {0-1 Yemelin,V-Avrukh,B/
USSR 1991 (29)}) 12... Nxc3 13. bxc3 b5 14. Bf1 (14. Be2 Rb8 15. Ba3 Be6 16.
Qb2 b4 17. cxb4 Nxb4 18. Bxb4 Bxb4 $15 {0-1 Vanhamme,P-O'Sullivan,M/corr 1998 
(47)}) 14... Nc7 15. Bg5 (15. a4 a5 (15... Be6 16. Qc2 Bd5 17. Ng5 f5 18. axb5
cxb5 19. c4 bxc4 20. Bxc4 Qd7 21. Ra5 Bxc4 22. Qxc4+ Kh8 23. d5 $14 {1-0 Szucs,
C-Csillag,B/corr HUN-ch 1998/MegaCorr2 (47)}) 16. Bg5 (16. Ne5 Bxe5 17. Rxe5
Be6 18. Qc2 b4 19. Be3 h6 20. Bd3 Nd5 21. c4 Nxe3 22. fxe3 Qd6 $132 {0-1
Laplaza,J-Borisov,V/Memorial Ljubomirov corr. 1998 (33)}) 16... Qd7 17. Ne5
Bxe5 18. dxe5 Be6 19. Red1 Bxb3 20. Rxd7 Rfc8 $13 {1/2-1/2 Oll,L-Rozentalis,E/
Klaipeda 1988/CBM 11 (32)}) (15. Ba3 Be6 16. Qb2 Bd5 $11 17. Ne5 Re8 18. Bxd6 {
1/2-1/2 Serper - Akopian, Adelaida 1988 -47/(387)}) 15... Qc8 (15... Qb8 16.
Bh4 Nd5 17. Bg3) 16. Bh4 a5 $6 {Black tries to seize initiative on the queen's
side but it only weakens his pawn structure.} (16... Nd5 17. Bg3 (17. c4 bxc4
18. Bxc4 Rb8 $11) 17... Bxg3 18. hxg3 Nb6 19. Re5 $14) 17. Bg3 a4 18. Qb2 Bxg3
19. hxg3 Nd5 $2 ({Black should prevent the move c4 by} 19... Be6 $5 20. Bd3 Bf5
21. Qc2 Bxd3 22. Qxd3 f6 23. c4 Qd7 $11) 20. c4 bxc4 21. Bxc4 $14 Rb8 22. Qd2
Qb7 {[%cal Yb7b2]} 23. Ne5 Qb6 24. Rac1 {[%csl Rc6]} Be6 25. a3 $1 $16 {
[%csl Ra4][%mdl 36] The advantage of White is determined by more active pieces
and the weak pawns a4 and c6.} Rfc8 26. Ba2 h6 27. Rc2 (27. Rc5 Qb2 28. Qxb2
Rxb2 29. Bc4 $16) 27... Bf5 28. Rc5 (28. Rb1 $1 Qxb1+ (28... Qa7 29. Rxb8 Qxb8
30. Nxc6 $18) 29. Bxb1 Rxb1+ 30. Rc1 $18) 28... Qb2 29. Qxb2 Rxb2 30. Bc4 Kf8 (
30... Be6 31. Nxc6 Kh7 32. Rc1 $16) 31. Rc1 (31. Nxc6 Nb6 32. Bxf7 $18) 31...
Nb6 32. Nxf7 (32. Bxf7 Nd7 33. Nxd7+ Bxd7 $16) 32... Rb1 33. Rxb1 Bxb1 34. Ne5
Ke7 35. Ba6 Rc7 36. Be2 (36. Rc1 Ba2 37. Rxc6 Rxc6 38. Nxc6+ Kd6 39. Ne5 Kd5
$44) 36... Kd6 37. Bf3 Ba2 38. Be4 (38. Bxc6 $18) 38... Bd5 39. f3 Re7 40. Rc3
Rc7 41. Rc5 Bb3 42. Kf2 Nd5 43. Ke2 Ne7 44. Ra5 Rb7 45. Ke3 Bd5 46. Nd3 Bc4 47.
Nb4 Bb5 48. g4 Nc8 49. Kd2 Ra7 50. Rxa7 Nxa7 51. Nc2 c5 52. Kc3 Bf1 53. dxc5+
Kxc5 54. Ne3 Ba6 55. Bc2 Nb5+ 56. Kb2 Nd6 57. Bxa4 Kd4 58. Nf5+ (58. Nc2+ Ke5
59. Kc3 Kf4 60. Kd4 Kg3 61. Ne3 $16) 58... Nxf5 59. gxf5 h5 (59... Ke3 60. g4 (
60. Kc3 h5) (60. Be8 Kf2 61. g4 Kxf3 62. Bh5 Ke3) 60... Kxf3 61. Bd1+ Ke4 62.
Kc3 h5 63. Bc2+ Kf4 64. gxh5 Kg5 65. a4 Kxh5 66. a5 Kg5 67. Kd4 Kf6 68. Kc5 $18
) 60. g3 Be2 61. Bc6 Ke3 62. Kc3 Kf2 63. Kd2 $1 (63. g4 h4 (63... hxg4 64. fxg4
Bxg4 65. Bd7 $18) 64. g5 h3 65. f6 h2 66. f4 gxf6 67. gxf6 Bf3 $14) 63... Ba6 (
63... Bf1 64. g4 h4 65. g5 h3 66. f6 gxf6 67. gxf6 h2 68. f7 (68. f4 Bg2 69.
Bxg2 Kxg2 70. f7 h1=Q 71. f8=Q $18) 68... h1=Q 69. f8=Q $18) 64. g4 h4 65. g5
h3 66. f6 gxf6 67. gxf6 Bb5 (67... h2 68. f4 Bb5 69. Bh1 Be8 70. a4 Bh5 71. a5
Bf3 72. f7 Bxh1 73. f8=Q Bf3 74. Qc5+ Kg3 75. Qg5+ Bg4 76. Qh6 Bf3 77. f5 h1=Q
78. Qxh1 Bxh1 79. f6 Bd5 80. a6 Kf4 81. a7 Ke5 82. f7 $18) 68. Be4 (68. Bxb5 h2
69. f7 h1=Q 70. f8=Q Qe1+ 71. Kc2 $18) 68... Be8 69. f4 Bg6 (69... h2 70. a4
Bg6 71. f5 Bxf5 72. Ba8 Bg6 73. a5 $18) 70. Bxg6 1-0

[Event "CHN-RUS Summit Men 1st"]
[Site "Shanghai"]
[Date "2001.09.07"]
[Round "1"]
[White "Peng, Xiaomin"]
[Black "Motylev, Alexander"]
[Result "0-1"]
[WhiteElo "2629"]
[BlackElo "2627"]
[Annotator "Huzman,A"]
[PlyCount "84"]
[EventDate "2001.09.07"]
[EventType "schev"]
[EventRounds "6"]
[EventCountry "CHN"]
[SourceTitle "CBM 085"]
[Source "ChessBase"]
[SourceDate "2001.11.13"]
[SourceVersion "1"]
[SourceVersionDate "2001.11.13"]
[SourceQuality "1"]

1. e4 e5 2. Nf3 Nf6 3. Nxe5 d6 4. Nf3 Nxe4 5. d4 d5 6. Bd3 Nc6 7. O-O Be7 8. c4
Nb4 9. Re1 Nxd3 10. Qxd3 c6 11. cxd5 cxd5 12. Qb5+ Qd7 13. Qb3 O-O 14. Bf4 (14.
Nc3 Nxc3 15. bxc3 Rd8 16. Ba3 Bf6 17. Re3 Qc7 $1 18. Qxd5 Be6 19. Qb5 (19. Qc5
Qxc5 20. Bxc5 b6 21. Ba3 Rac8 $44) 19... h6 20. h3 Rac8 21. Qb2 b6 22. Rae1 Qc4
$44 23. R1e2 Qa4 24. Kh2 Rd5 25. Bb4 {1/2-1/2 Topalov,V-Adams,M/Dortmund 2001/
CBM 85_01 (25)}) 14... b6 15. Ne5 Qb7 16. Nc3 Be6 (16... Nxc3 17. Qxc3 Bf5 18.
Qc6 Rab8 19. Rac1 $36) 17. a4 a6 18. a5 $6 Nxc3 (18... b5 19. Na4 Rae8 (19...
Rac8 20. f3 Nf6 21. Nb6 Rc7 22. Bd2 $36 {[%cal Gd2b4]}) 20. f3 $36) 19. bxc3 (
19. Qxc3 bxa5 20. Re2 Bb4 $17) 19... b5 $15 20. Bc1 Rfe8 (20... Rfc8 21. Ba3
Bd8 22. Bb4 $11 {[%cal Ge5d3,Gd3c5]}) 21. Ba3 Bd8 22. Bd6 {[%cal Ge5d3,Gd3c5]}
Bf5 23. g4 Be4 $1 {Black prepare exchange sacrifice.The bad position of White
king,weaknesses of pawns a5 and c3 give Black more than enough compensation
for this.} (23... Be6 24. f4 (24. h3 $142 $15) 24... f6 25. Nd3 Qc6 26. Bb4 Bc7
27. f5 Bf7 28. Qc2 Re4 $17) 24. f3 Rxe5 $1 {[%mdl 32]} 25. Bxe5 Bxf3 26. Qc2
Be4 27. Qf2 Rc8 {[%cal Yc8c6,Yc6g6]} 28. Re3 Rc6 29. h4 Qc8 30. Rf1 f6 31. g5
f5 $19 {[%csl Ra5,Rc3,Rg1][%mdl 32]} 32. Kh2 (32. Qa2 Rc4 33. Qa3 Qd7 34. Rfe1
Ra4 $17) 32... Rc4 $1 (32... Rxc3 33. Rxc3 Qxc3 34. Bf4 Qxa5 35. Rc1 $132 {/-+}
) 33. Bf4 Bxa5 34. Bd6 Bxc3 35. Rxe4 dxe4 36. Qxf5 Qxf5 37. Rxf5 Rc8 38. Bc5
Re8 39. d5 e3 40. d6 e2 41. Bf2 Be5+ 42. Rxe5 Rxe5 0-1